000
00310nam a22001337a 4500
008
170719b xxu||||| |||| 00| 0 eng d
020
_a
9780805074796
041
_a
eng
080
_a
2
100
_a
24
101
_a
TEO
245
_a
SCIENCE, SKEPTICISM AND THE SEARCH FOR GOD
_c
SHERMER, M
942
_2
udc
_c
BK
999
_c
21545
_d
21545